College Quizbowl Stats
College Quizbowl Stats
Circuits
Seasons
Sets
Records
Detailed Stats
About
Loading...
2023 ARCADIA at WUSTL
Tossups
Bonuses
Players
Teams
Categories (Tossup)
Categories (Bonus)
Gavin Wagner
WUSTL H2O
Categories
Category
Powers
Gets
Negs
BBs
Points
Earliest Buzz
Avg. Buzz
First Buzzes
Top 3 Buzzes
History - American History
0
3
1
0
25
81
93.33
2
3
Fine Arts - Visual Fine Arts
0
2
0
1
20
86
115.50
1
2
Other Science: Math
0
1
0
0
10
121
121.00
0
1
Geography
0
0
0
0
0
0.00
0
0
Buzzes
Category
Answer
Value
Buzz Position
History - American History
W. E. B. Du Bois
10
81
History - American History
Nicaragua
-5
83
Fine Arts - Visual Fine Arts
hearts
10
86
History - American History
National Security Agency
10
90
History - American History
wealth
10
109
Other Science: Math
text data
10
121
Geography
Øresund
0
135
Fine Arts - Visual Fine Arts
hunts
10
145
Previous
1
Next